Zgadnij celebrytę po zdjęciu #1 - Statystyki

Ogólne statystyki
  • Ten quiz został rozwiązany 110 razy
  • Średni wynik to 11 z 16
Statystyki odpowiedzi
Obrazkowy Odpowiedź % Poprawnych
Leonardo DiCaprio
95%
Angelina Jolie
92%
Brad Pitt
89%
Britney Spears
85%
Jennifer Lopez
76%
Jennifer Aniston
75%
Tom Cruise
75%
Jay-Z
69%
Jackie Chan
68%
Megan Fox
66%
Jennifer Lawrence
56%
Matt Damon
56%
Ben Affleck
45%
Demi Moore
45%
Ashton Kutcher
34%
Gisele Bundchen
24%
Nie znaleziono quizów pasujących do podanych kryteriów
Rozkład punktacji
Procent ludzi z każdym wynikiem
Percentyl według liczby udzielonych odpowiedzi
Twoja historia wyników
Nie rozwiązałeś tego quizu